000 01050cam a2200433 4500
001 J118717
008 000000n2001 000 0 eng u
035 _a(Sirsi) u118717
050 _a338.4369094
110 _aEuroconstruct
_92964
245 _a52nd euroconstruct conference : Rome. The outlook for the European construction sector 2002-2004 : country reports
260 _aRome
_bCRESME
_c2001
300 _a376p.
_b30cm.
650 _aEUROPE
650 _aAUSTRIA
650 _aBELGIUM
650 _aCZECH REPUBLIC
650 _aDENMARK
650 _aFINLAND
650 _aFRANCE
650 _aGERMANY
650 _aHUNGARY
650 _aIRELAND
650 _aITALY
650 _aNETHERLANDS
650 _aNORWAY
650 _aPOLAND
650 _aPORTUGAL
650 _aSLOVAK REPUBLIC
650 _aSPAIN
650 _aSWEDEN
650 _aSWITZERLAND
650 _aBALTIC COUNTRIES
650 _aESTONIA
650 _aLATVIA
650 _aLITHUANIA
690 _aBUILT ENVIRONMENT
942 _n0
999 _c102168
_d102168